000 00454nam a2200157Ia 4500
008 220216s9999 xx 000 0 und d
100 _aKato Stsushi
245 0 _aNanostructure in traditional composites of natural rubber and reinforcing silica
260 _bRubber Chemistry and Technology
_c2007
300 _a690-700
650 _aNanostructure
650 _aReinforcing silica
700 _aIkeda Yuko
700 _aKohjiya Shinzo
942 _cJS
999 _c63408
_d63408